[Event "interzonal (w)"]
[Site "Tuzla"]
[Date "1987.??.??"]
[Round "13"]
[White "Semenova, Lidia"]
[Black "Arakhamia, Ketevan"]
[Result "1-0"]
[WhiteElo "2230"]
[BlackElo "2375"]
[EventDate "1987.07.??"]
[PlyCount "101"]

1.e4 c5 2.Nc3 Nc6 3.g3 g6 4.Bg2 Bg7 5.d3 d6 6.Bg5 Qa5 7.Qd2 Nd4 8.Rc1 h6 
9.Be3 e6 10.f4 Ne7 11.Nh3 O-O 12.O-O Kh7 13.g4 f5 14.exf5 exf5 15.g5 h5 
16.Kh1 Bd7 17.Rfe1 Rfe8 18.Nd5 Qxd2 19.Bxd2 Nxd5 20.Bxd5 Bc6 21.Bxc6 bxc6 
22.Ng1 Rxe1 23.Bxe1 Re8 24.Bd2 Re6 25.c3 Ne2 26.Rf1 c4 27.dxc4 Re4 28.Re1 
Nxg1 29.Rxe4 fxe4 30.Kxg1 Kg8 31.Kf2 Kf7 32.Be3 a6 33.Bd4 Bf8 34.Ke3 d5 
35.cxd5 cxd5 36.b4 Ke6 37.h3 Bd6 38.a4 Bc7 39.a5 Kd7 40.Be5 Bd8 41.Kd4 Ke6
42.h4 Be7 43.Ke3 Kd7 44.f5 gxf5 45.b5 axb5 46.a6 Kc6 47.g6 Bf8 48.g7 Bxg7 
49.Bxg7 Kb6 50.Bh6 Kxa6 51.Kd4 1-0

[Event "interzonal (w)"]
[Site "Tuzla"]
[Date "1987.??.??"]
[Round "13"]
[White "Veroci-Petronic, Zsuzsa"]
[Black "Trabert, Bettina"]
[Result "1/2-1/2"]
[WhiteElo "2360"]
[BlackElo "2225"]
[EventDate "1987.07.??"]
[PlyCount "68"]

1.e4 e5 2.Nf3 Nc6 3.Bb5 a6 4.Ba4 d6 5.Bxc6+ bxc6 6.d4 f6 7.Be3 Ne7 8.Nc3 
Ng6 9.Qd3 Be7 10.h4 h5 11.O-O-O Be6 12.d5 cxd5 13.Nxd5 Qc8 14.Nd2 Qb7 15.
g3 Rb8 16.b3 Bd8 17.f4 Bg4 18.Rdg1 a5 19.a4 Ne7 20.fxe5 dxe5 21.Bc5 Qc6 
22.Ba3 Be6 23.Nc4 Nxd5 24.exd5 Qxd5 25.Qg6+ Bf7 26.Qxg7 Rg8 27.Qh6 Qd4 28.
Bb2 Qc5 29.Nxe5 Rxb3 30.Nxf7 Rxb2 31.Qh7 Rxc2+ 32.Qxc2 Qa3+ 33.Qb2 Qe3+ 
34.Qd2 Qa3+ 1/2-1/2

[Event "interzonal (w)"]
[Site "Tuzla"]
[Date "1987.??.??"]
[Round "14"]
[White "Arakhamia, Ketevan"]
[Black "Canela Gimenez, Teresa"]
[Result "1-0"]
[WhiteElo "2375"]
[BlackElo "2100"]
[EventDate "1987.07.??"]
[PlyCount "83"]

1.d4 Nf6 2.c4 g6 3.Nc3 d5 4.cxd5 Nxd5 5.e4 Nxc3 6.bxc3 Bg7 7.Bc4 c5 8.Ne2 
Nc6 9.Be3 O-O 10.O-O Bg4 11.f3 Na5 12.Bd3 cxd4 13.cxd4 Be6 14.Rc1 Bxa2 15.
Qa4 Be6 16.d5 Bd7 17.Qb4 b6 18.f4 e6 19.d6 Nc6 20.Qb3 e5 21.f5 Na5 22.Qa3 
Bc8 23.Rc7 Nb7 24.Bxb6 Qxd6 25.Qxd6 Nxd6 26.Bc5 Rd8 27.fxg6 hxg6 28.Bxd6 
Rxd6 29.Rfxf7 Bh6 30.Bc4 Be3+ 31.Kh1 Be6 32.Bxe6 Rxe6 33.h4 a5 34.Nc3 Rb8 
35.Nd5 Rb1+ 36.Kh2 Bf4+ 37.g3 Rb2+ 38.Kg1 Bxg3 39.Nf6+ Rxf6 40.Rxf6 Rb1+ 
41.Kg2 Bxh4 42.Rxg6+ 1-0

[Event "interzonal (w)"]
[Site "Tuzla"]
[Date "1987.??.??"]
[Round "14"]
[White "Brustman, Agnieszka"]
[Black "Semenova, Lidia"]
[Result "1/2-1/2"]
[WhiteElo "2320"]
[BlackElo "2230"]
[EventDate "1987.07.??"]
[PlyCount "28"]

1.e4 e5 2.Nf3 Nc6 3.Bb5 Nf6 4.O-O Nxe4 5.d4 Nd6 6.Bxc6 dxc6 7.dxe5 Nf5 8.
Qxd8+ Kxd8 9.Nc3 Ke8 10.h3 h6 11.b3 Be6 12.Bb2 Bb4 13.a3 Bxc3 14.Bxc3 c5 
1/2-1/2

[Event "interzonal (w)"]
[Site "Tuzla"]
[Date "1987.??.??"]
[Round "14"]
[White "Frometa Castillo, Zirka"]
[Black "Ivanka, Maria"]
[Result "0-1"]
[WhiteElo "2220"]
[BlackElo "2320"]
[EventDate "1987.07.??"]
[PlyCount "68"]

1.d4 g6 2.Nc3 Bg7 3.Nf3 b6 4.Bf4 Ba6 5.g3 Nf6 6.Bg2 Bb7 7.O-O O-O 8.Qd2 d5
9.Rad1 Nbd7 10.Ne5 e6 11.Rfe1 Nh5 12.e4 Nxf4 13.Qxf4 Nxe5 14.dxe5 d4 15.
Nb5 c5 16.h4 Qe7 17.c3 Ba6 18.Bf1 dxc3 19.bxc3 Rad8 20.Nd6 Bxf1 21.Kxf1 h6
22.Nc4 b5 23.Na3 a6 24.Kg2 Qc7 25.Qe3 Qxe5 26.Nb1 f5 27.exf5 Qxe3 28.fxe3 
exf5 29.Rf1 c4 30.Kf3 h5 31.Ke2 Kf7 32.Rxd8 Rxd8 33.Rd1 Rxd1 34.Kxd1 Be5 
0-1

[Event "interzonal (w)"]
[Site "Tuzla"]
[Date "1987.??.??"]
[Round "14"]
[White "Hoiberg, Nina"]
[Black "Liu Shilan"]
[Result "1-0"]
[WhiteElo "2295"]
[BlackElo "2335"]
[EventDate "1987.07.??"]
[PlyCount "89"]

1.e4 c5 2.Nf3 e6 3.d4 cxd4 4.Nxd4 Nf6 5.Nc3 d6 6.Bg5 h6 7.Bh4 Be7 8.f4 
Nxe4 9.Bxe7 Nxc3 10.Bxd8 Nxd1 11.Bc7 Ne3 12.Bxd6 Bd7 13.Kf2 Nd5 14.Bc4 Nb6
15.Bb3 Na6 16.f5 O-O-O 17.fxe6 fxe6 18.Nxe6 Rde8 19.Nxg7 Re4 20.Rhe1 Rg4 
21.Ne6 h5 22.Nc5 Nxc5 23.Bxc5 Rg5 24.Bxb6 axb6 25.Be6 Bxe6 26.Rxe6 Rhg8 
27.g3 h4 28.Re3 b5 29.Rd1 Kc7 30.Rd4 h3 31.Rh4 Rf8+ 32.Rf3 Rd8 33.Rxh3 
Rd2+ 34.Ke1 Rgd5 35.Rd3 R5xd3 36.cxd3 Rxb2 37.Rh6 Rxa2 38.h4 b4 39.Kd1 b3 
40.Kc1 b6 41.h5 Kb7 42.Rg6 Ka6 43.Rg4 Rc2+ 44.Kb1 Ka5 45.h6 1-0

[Event "interzonal (w)"]
[Site "Tuzla"]
[Date "1987.??.??"]
[Round "14"]
[White "Lebel-Arias, Julia"]
[Black "Sakhatova, Gulnar"]
[Result "0-1"]
[WhiteElo "2150"]
[BlackElo "2350"]
[EventDate "1987.07.??"]
[PlyCount "64"]

1.d4 Nf6 2.Nf3 g6 3.Bf4 Bg7 4.Nbd2 d5 5.e3 O-O 6.Bd3 c5 7.c3 Nc6 8.h3 Nd7 
9.O-O e5 10.dxe5 Ndxe5 11.Bc2 Qb6 12.Rb1 h6 13.Nxe5 Nxe5 14.Nf3 Nc6 15.Bd6
Rd8 16.Bg3 Be6 17.a3 d4 18.exd4 cxd4 19.cxd4 Nxd4 20.Nxd4 Rxd4 21.Qf3 Bd5 
22.Qe3 Qc6 23.Rbc1 Re8 24.Bxg6 Rc4 25.Qd2 fxg6 26.Rxc4 Qxc4 27.Rc1 Qe4 28.
f3 Qd4+ 29.Qf2 Qxf2+ 30.Bxf2 Bxb2 31.Rc7 Be5 32.Rc2 a6 0-1

[Event "interzonal (w)"]
[Site "Tuzla"]
[Date "1987.??.??"]
[Round "14"]
[White "Maksimovic, Suzana"]
[Black "Matveeva, Svetlana"]
[Result "1-0"]
[WhiteElo "2345"]
[BlackElo "2380"]
[EventDate "1987.07.??"]
[PlyCount "119"]

1.d4 Nf6 2.c4 g6 3.Nc3 Bg7 4.e4 d6 5.Be2 O-O 6.Nf3 e5 7.O-O exd4 8.Nxd4 
Re8 9.f3 c6 10.Nc2 Na6 11.Be3 d5 12.cxd5 cxd5 13.Bb5 Bd7 14.Bxa6 bxa6 15.
Nxd5 Nxd5 16.Qxd5 Bxb2 17.Rab1 Bg7 18.Nd4 Re5 19.Qb7 Rh5 20.Rfd1 Qe8 21.
Bf4 Ba4 22.Nb3 Qc8 23.Qxc8+ Rxc8 24.Rbc1 Ra8 25.Rc7 Be8 26.Nc5 Bf8 27.Nd7 
Be7 28.e5 Bd8 29.Rb7 Bxd7 30.Rdxd7 Bb6+ 31.Kf1 Rf5 32.Bg3 Re8 33.a4 a5 34.
Ke2 g5 35.Kd3 Kg7 36.Ke4 Kg6 37.Rd6+ f6 38.Rdd7 Rfxe5+ 39.Bxe5 Rxe5+ 40.
Kd3 Re3+ 41.Kd2 Re8 42.g4 Rg8 43.Rxh7 f5 44.Kd3 fxg4 45.fxg4 Kf6 46.Rh6+ 
Ke5 47.Rf7 Rd8+ 48.Ke2 Kd4 49.Rh5 Re8+ 50.Kf3 Re3+ 51.Kg2 Re2+ 52.Rf2 Re5 
53.h4 Kc4 54.Rf4+ Kd3 55.hxg5 Re2+ 56.Kf1 Kd2 57.g6 Re1+ 58.Kg2 Re2+ 59.
Kh3 Bc7 60.Rhf5 1-0

[Event "interzonal (w)"]
[Site "Tuzla"]
[Date "1987.??.??"]
[Round "14"]
[White "Nikolin, Zorica"]
[Black "Khadilkar, Rohini"]
[Result "1/2-1/2"]
[WhiteElo "2325"]
[BlackElo "2220"]
[EventDate "1987.07.??"]
[PlyCount "28"]

1.e4 d5 2.exd5 Nf6 3.Bb5+ Bd7 4.Bc4 Bg4 5.f3 Bc8 6.Nc3 Nbd7 7.d3 Nb6 8.Bf4
Nbxd5 9.Qd2 Nxf4 10.Qxf4 e6 11.Nb5 Bd6 12.Nxd6+ Qxd6 13.Qxd6 cxd6 14.Ne2 
Bd7 1/2-1/2

[Event "interzonal (w)"]
[Site "Tuzla"]
[Date "1987.??.??"]
[Round "14"]
[White "Trabert, Bettina"]
[Black "Petrovic, Marija"]
[Result "1-0"]
[WhiteElo "2225"]
[BlackElo "2200"]
[EventDate "1987.07.??"]
[PlyCount "53"]

1.e4 g6 2.d4 Bg7 3.c3 d6 4.Bd3 e5 5.Ne2 Nc6 6.O-O Nge7 7.f4 exd4 8.f5 Bf6 
9.cxd4 gxf5 10.exf5 Nxd4 11.Nxd4 Bxd4+ 12.Kh1 Be5 13.Qh5 c6 14.Nd2 Qc7 15.
Nf3 Bd7 16.Bg5 Rg8 17.Rae1 Nd5 18.Re2 c5 19.Bc4 Bc6 20.Rfe1 Rxg5 21.Qxg5 
Kd7 22.Nxe5+ dxe5 23.Rxe5 Qd6 24.Qg7 Rd8 25.Rd1 Kc8 26.Bxd5 Qc7 27.h3 1-0

[Event "interzonal (w)"]
[Site "Tuzla"]
[Date "1987.??.??"]
[Round "15"]
[White "Canela Gimenez, Teresa"]
[Black "Brustman, Agnieszka"]
[Result "0-1"]
[WhiteElo "2100"]
[BlackElo "2320"]
[EventDate "1987.07.??"]
[PlyCount "109"]

1.e4 c5 2.Nf3 d6 3.d4 cxd4 4.Qxd4 Nc6 5.Bb5 Bd7 6.Bxc6 Bxc6 7.Nc3 Nf6 8.
Bg5 e6 9.O-O-O Be7 10.Rhe1 O-O 11.e5 dxe5 12.Qh4 Qc7 13.Nxe5 Rfd8 14.Ng4 
Rxd1+ 15.Rxd1 Nxg4 16.Bxe7 Qf4+ 17.Kb1 Qf5 18.f3 Ne3 19.Rd2 h6 20.Qd4 Nd5 
21.Nxd5 Bxd5 22.Qd3 Qf4 23.h3 a5 24.Qd4 Qh2 25.c4 Qc7 26.cxd5 Qxe7 27.d6 
Qd7 28.Qb6 Kf8 29.Rc2 Ra6 30.Qc7 Qxd6 31.Qc8+ Ke7 32.Qxb7+ Kf6 33.Qe4 g6 
34.Qc4 Kg7 35.Qc3+ Kh7 36.Qc7 Qd1+ 37.Rc1 Qd3+ 38.Qc2 Qd5 39.Qc4 Qf5+ 40.
Ka1 Rd6 41.a4 Rd2 42.Qc5 e5 43.Qxa5 Rxg2 44.Qc3 Rf2 45.Re1 Rxf3 46.Qxe5 
Qxh3 47.Qd4 Qc8 48.Qd5 Rf5 49.Qb3 Qd8 50.Rd1 Qe8 51.Qb4 h5 52.Re1 Qc6 53.
Re7 Rf1+ 54.Ka2 Qd5+ 55.Qb3 0-1

[Event "interzonal (w)"]
[Site "Tuzla"]
[Date "1987.??.??"]
[Round "15"]
[White "Ivanka, Maria"]
[Black "Trabert, Bettina"]
[Result "0-1"]
[WhiteElo "2320"]
[BlackElo "2225"]
[EventDate "1987.07.??"]
[PlyCount "120"]

1.c4 c6 2.Nf3 d5 3.b3 Nf6 4.Bb2 Bg4 5.e3 e6 6.Be2 Nbd7 7.O-O Bd6 8.h3 Bxf3
9.Bxf3 Qe7 10.Nc3 h5 11.Re1 g5 12.cxd5 exd5 13.d4 Ne4 14.Bxe4 dxe4 15.d5 
Rh6 16.dxc6 bxc6 17.Qc2 Nc5 18.Red1 g4 19.Ne2 Be5 20.Bxe5 Qxe5 21.h4 Nd3 
22.g3 Rd8 23.Nf4 Rhd6 24.Nxd3 exd3 25.Qd2 Qe4 26.Rac1 Qf3 27.Rc5 f5 28.Rc4
Qe2 29.Rf4 Rd5 30.Kg2 Rc5 31.Rc4 Rxc4 32.bxc4 c5 33.a3 Ke7 34.Qxe2 dxe2 
35.Re1 Rd2 36.f3 Ra2 37.Kf2 Rxa3 38.Rxe2 Kf6 39.fxg4 fxg4 40.Rb2 Ke5 41.
Rb5 Ke4 42.Rxc5 Ra2+ 43.Ke1 Kxe3 44.Re5+ Kf3 45.Rxh5 Kxg3 46.Rd5 Kxh4 47.
Rd7 a5 48.Re7 Kh3 49.Kf1 Kh2 50.c5 Ra1+ 51.Ke2 g3 52.c6 g2 53.Rh7+ Kg1 54.
Kd2 Ra2+ 55.Kd3 Rf2 56.c7 Rf8 57.Kc4 Kf1 58.Rf7+ Rxf7 59.c8=Q g1=Q 60.Qh3+
Qg2 0-1

[Event "interzonal (w)"]
[Site "Tuzla"]
[Date "1987.??.??"]
[Round "15"]
[White "Khadilkar, Rohini"]
[Black "Hoiberg, Nina"]
[Result "1/2-1/2"]
[WhiteElo "2220"]
[BlackElo "2295"]
[EventDate "1987.07.??"]
[PlyCount "71"]

1.e4 e5 2.Nf3 Nc6 3.c3 Nf6 4.d4 exd4 5.e5 Nd5 6.cxd4 Bb4+ 7.Bd2 Bxd2+ 8.
Nbxd2 O-O 9.Qb3 Nb6 10.Bd3 d6 11.O-O Be6 12.Qc2 h6 13.a3 dxe5 14.dxe5 Qe7 
15.Rfe1 Rad8 16.Rad1 Nd5 17.h3 Nf4 18.Be4 Rd7 19.Nb3 Rxd1 20.Rxd1 Nxe5 21.
Nxe5 Bxb3 22.Qxb3 Qxe5 23.Qxb7 Qg5 24.Kf1 Qc5 25.Qc6 Qe5 26.b4 Ne6 27.Kg1 
Ng5 28.Bf3 Qb2 29.h4 Ne6 30.Bg4 Qxa3 31.Bxe6 fxe6 32.Qxe6+ Kh8 33.Qe7 Kg8 
34.Qe6+ Kh8 35.Qe7 Kg8 36.Qe6+ 1/2-1/2

[Event "interzonal (w)"]
[Site "Tuzla"]
[Date "1987.??.??"]
[Round "15"]
[White "Liu Shilan"]
[Black "Frometa Castillo, Zirka"]
[Result "1/2-1/2"]
[WhiteElo "2335"]
[BlackElo "2220"]
[EventDate "1987.07.??"]
[PlyCount "90"]

1.e4 Nf6 2.e5 Nd5 3.Bc4 Nb6 4.Bb3 c5 5.c3 c4 6.Bc2 Nc6 7.Nf3 g6 8.d4 cxd3 
9.Bxd3 Bg7 10.Bf4 Nd5 11.Bg3 Nc7 12.O-O O-O 13.Nbd2 b6 14.Qe2 Bb7 15.Rad1 
Ne6 16.Ne4 Qc7 17.Bb5 a6 18.Ba4 Rad8 19.Ned2 b5 20.Bb3 Qb6 21.Rfe1 Na5 22.
Bc2 d5 23.h4 Nc4 24.Nxc4 dxc4 25.h5 Bh6 26.hxg6 hxg6 27.Be4 Nc5 28.Bxb7 
Qxb7 29.Rd4 Rxd4 30.Nxd4 Nd3 31.Rf1 Qd5 32.b3 Kg7 33.bxc4 bxc4 34.Rb1 Nf4 
35.Bxf4 Bxf4 36.Nf3 Qd3 37.Qxd3 cxd3 38.g3 Bh6 39.Rd1 d2 40.Kf1 Rc8 41.
Nxd2 Rxc3 42.Nb3 Rc2 43.Rd7 Rxa2 44.Rxe7 Kf8 45.Ra7 Bg5 1/2-1/2

[Event "interzonal (w)"]
[Site "Tuzla"]
[Date "1987.??.??"]
[Round "15"]
[White "Matveeva, Svetlana"]
[Black "Nikolin, Zorica"]
[Result "1-0"]
[WhiteElo "2380"]
[BlackElo "2325"]
[EventDate "1987.07.??"]
[PlyCount "81"]

1.d4 Nf6 2.c4 g6 3.Nc3 Bg7 4.Nf3 d6 5.Bg5 O-O 6.e3 Nbd7 7.Be2 h6 8.Bh4 g5 
9.Bg3 Nh5 10.Qc2 Nxg3 11.hxg3 Re8 12.Rd1 a6 13.O-O c6 14.b4 e6 15.c5 d5 
16.e4 f5 17.e5 b5 18.a4 Bb7 19.Nd2 a5 20.axb5 axb4 21.Na4 Ra5 22.Nb2 Qa8 
23.Nb3 Ra3 24.Ra1 cxb5 25.Qd2 Rxb3 26.Rxa8 Rxa8 27.Nd3 Nb8 28.Nxb4 Nc6 29.
Nxc6 Bxc6 30.g4 f4 31.Qc2 Rb4 32.Qg6 Re8 33.Ra1 Ra4 34.Rb1 Ra5 35.Bd3 Re7 
36.Bf5 Bd7 37.c6 Bxc6 38.Bxe6+ Kh8 39.Bf5 Bxe5 40.dxe5 Be8 41.Qxh6+ 1-0

[Event "interzonal (w)"]
[Site "Tuzla"]
[Date "1987.??.??"]
[Round "15"]
[White "Petrovic, Marija"]
[Black "Ioseliani, Nana"]
[Result "0-1"]
[WhiteElo "2450"]
[BlackElo "2200"]
[EventDate "1987.07.??"]
[PlyCount "68"]

1.Nf3 c5 2.b3 e6 3.Bb2 Nf6 4.e3 Be7 5.Be2 O-O 6.O-O Nc6 7.c4 d5 8.d4 b6 9.
Nc3 Bb7 10.cxd5 exd5 11.Rc1 Rc8 12.Na4 Ne4 13.Bd3 Re8 14.dxc5 bxc5 15.Bxe4
dxe4 16.Nd2 Nb4 17.Qg4 Bf8 18.Rfd1 Qe7 19.Nc4 Nd3 20.Rc2 Rc6 21.f4 Bc8 22.
Qe2 Qh4 23.Ne5 Rh6 24.g3 Qh3 25.Qg2 Qh5 26.Rcd2 Bh3 27.Qxe4 Nxb2 28.Nxb2 
f6 29.Nbc4 fxe5 30.fxe5 Bf5 31.Qf4 Be7 32.Re1 Rf8 33.Nd6 Bd3 34.Rxd3 Qxh2+
0-1

[Event "interzonal (w)"]
[Site "Tuzla"]
[Date "1987.??.??"]
[Round "15"]
[White "Sakhatova, Gulnar"]
[Black "Maksimovic, Suzana"]
[Result "1-0"]
[WhiteElo "2350"]
[BlackElo "2345"]
[EventDate "1987.07.??"]
[PlyCount "71"]

1.d4 Nf6 2.c4 e6 3.Nf3 c5 4.Nc3 cxd4 5.Nxd4 a6 6.g3 Qc7 7.Bg2 Be7 8.O-O 
O-O 9.b3 d5 10.Qc2 dxc4 11.Ne4 Nbd7 12.bxc4 Nc5 13.Nxc5 Bxc5 14.Bb2 Bd7 
15.Nf3 Bc6 16.Ng5 e5 17.Bxc6 bxc6 18.Nf3 Rfe8 19.e4 Rad8 20.Rad1 Ng4 21.
Rxd8 Rxd8 22.h3 Nxf2 23.Rxf2 f6 24.Kg2 Bxf2 25.Qxf2 Qa5 26.a3 Qa4 27.Qe2 
Qb3 28.Ne1 Rd1 29.Bc3 Rc1 30.Bb4 Rxc4 31.Qg4 Qa2+ 32.Kg1 Rc1 33.Qc8+ Kf7 
34.Qd7+ Kg6 35.Qf5+ Kf7 36.Qh5+ 1-0

[Event "interzonal (w)"]
[Site "Tuzla"]
[Date "1987.??.??"]
[Round "15"]
[White "Semenova, Lidia"]
[Black "Lebel-Arias, Julia"]
[Result "1-0"]
[WhiteElo "2230"]
[BlackElo "2150"]
[EventDate "1987.07.??"]
[PlyCount "144"]

1.g3 g6 2.Bg2 Bg7 3.c4 c6 4.Nc3 d6 5.d4 f5 6.Nh3 Nf6 7.d5 Bd7 8.O-O O-O 9.
Nf4 Qc8 10.e3 Na6 11.Rb1 Nc5 12.b3 Nce4 13.Nce2 c5 14.h4 Ne8 15.Qc2 Rb8 
16.a4 b6 17.f3 N4f6 18.Nc3 a6 19.Re1 Nc7 20.Bb2 b5 21.axb5 axb5 22.cxb5 
Nxb5 23.Nxb5 Rxb5 24.Bf1 Rb8 25.Bc4 Qe8 26.Kg2 Kh8 27.Bc3 Rg8 28.Ra1 Nh5 
29.Bxg7+ Rxg7 30.Qc3 Nf6 31.Kf2 g5 32.hxg5 Rxg5 33.Rh1 Rg7 34.Bd3 Qf7 35.
Ra7 Rbg8 36.Rh3 Bc8 37.Bc4 Rg5 38.Qa1 Qg7 39.Qg1 Ne8 40.Ra2 Nf6 41.Bb5 
Nxd5 42.Nxd5 f4 43.g4 Bxg4 44.exf4 Rxd5 45.fxg4 Qd4+ 46.Re3 Qxf4+ 47.Ke2 
Re5 48.Rxe5 Qxe5+ 49.Kd2 Qf4+ 50.Kc2 Qxg4 51.Qe1 Qf5+ 52.Kb2 Qf6+ 53.Ka3 
Ra8+ 54.Ba4 d5 55.Re2 Ra7 56.Re6 Qg7 57.Rc6 Qd4 58.Rc8+ Kg7 59.Qg3+ Kf6 
60.Rf8+ Ke6 61.Qh3+ Kd6 62.Qh6+ Ke5 63.Qg7+ Kd6 64.Qg3+ Ke6 65.Qh3+ Kd6 
66.Qh2+ Ke6 67.Qe2+ Qe4 68.Qf2 Qb4+ 69.Ka2 Rxa4+ 70.bxa4 Qxa4+ 71.Kb2 Qb4+
72.Kc2 Qc4+ 1-0

[Event "interzonal (w)"]
[Site "Tuzla"]
[Date "1987.??.??"]
[Round "15"]
[White "Veroci-Petronic, Zsuzsa"]
[Black "Arakhamia, Ketevan"]
[Result "1-0"]
[WhiteElo "2360"]
[BlackElo "2375"]
[EventDate "1987.07.??"]
[PlyCount "117"]

1.e4 c5 2.Nc3 Nc6 3.g3 g6 4.Bg2 Bg7 5.d3 d6 6.Be3 Qa5 7.Ne2 e5 8.O-O Nge7 
9.a3 Nd4 10.Qd2 Bg4 11.f3 Be6 12.f4 Bg4 13.Nc1 Qd8 14.Nd1 O-O 15.c3 Ndc6 
16.Nf2 Be6 17.Ne2 Rc8 18.fxe5 Nxe5 19.Bg5 f6 20.Bh6 d5 21.Bxg7 Kxg7 22.Nf4
Bg8 23.Qe2 d4 24.c4 Qd6 25.Ng4 N7c6 26.Bh3 Rce8 27.Nxe5 Nxe5 28.Qd2 a6 29.
a4 b6 30.b3 Qc6 31.Rf2 Qd6 32.Raf1 b5 33.axb5 axb5 34.cxb5 Bxb3 35.Rb1 c4 
36.dxc4 Bxc4 37.b6 Rb8 38.Qa5 Rf7 39.Nd5 Bd3 40.Re1 Nc4 41.Qa1 Bxe4 42.
Nxf6 Bc6 43.Be6 Rxf6 44.Rxf6 Kxf6 45.Bxc4 Kg7 46.Rd1 Rd8 47.Qa5 Rd7 48.Qg5
h6 49.Qg4 Qe5 50.Qe6 Qxe6 51.Bxe6 Rd6 52.Bc8 Bb5 53.b7 Rb6 54.Rxd4 Bc6 55.
b8=Q Rxb8 56.Ba6 Rb2 57.Rf4 g5 58.Rf2 Rb6 59.Bc4 1-0

[Event "interzonal (w)"]
[Site "Tuzla"]
[Date "1987.??.??"]
[Round "16"]
[White "Arakhamia, Ketevan"]
[Black "Petrovic, Marija"]
[Result "1-0"]
[WhiteElo "2375"]
[BlackElo "2200"]
[EventDate "1987.07.??"]
[PlyCount "81"]

1.e4 d5 2.exd5 Qxd5 3.Nc3 Qd8 4.d4 g6 5.Nf3 Bg7 6.Bc4 Nh6 7.Bg5 Nf5 8.O-O 
O-O 9.Re1 h6 10.Bf4 c6 11.Be5 Nd7 12.Bxg7 Kxg7 13.a4 Nf6 14.Qd2 Qc7 15.
Rad1 Nd6 16.Qf4 Bg4 17.Be2 Qb6 18.b3 Qa5 19.Nb1 Rad8 20.Qe5 Qb4 21.Nfd2 
Bxe2 22.Rxe2 Nf5 23.c3 Qb6 24.a5 Qa6 25.Nc4 Rd5 26.Qc7 c5 27.Red2 cxd4 28.
cxd4 Ne4 29.Rd3 Qf6 30.Qf4 Ng5 31.Nc3 Rd7 32.Ne5 Rd6 33.d5 h5 34.h4 Nxh4 
35.Qxh4 Qxe5 36.f4 Nh3+ 37.Rxh3 Qf6 38.Qxf6+ Rxf6 39.Rf3 Rc8 40.g3 Rc5 41.
Ne4 1-0

[Event "interzonal (w)"]
[Site "Tuzla"]
[Date "1987.??.??"]
[Round "16"]
[White "Brustman, Agnieszka"]
[Black "Veroci-Petronic, Zsuzsa"]
[Result "1/2-1/2"]
[WhiteElo "2320"]
[BlackElo "2360"]
[EventDate "1987.07.??"]
[PlyCount "23"]

1.e4 e5 2.Nf3 Nc6 3.Bb5 a6 4.Ba4 Nf6 5.O-O Be7 6.Re1 b5 7.Bb3 d6 8.c3 O-O 
9.h3 Be6 10.d4 Bxb3 11.Qxb3 Qd7 12.Nbd2 1/2-1/2

[Event "interzonal (w)"]
[Site "Tuzla"]
[Date "1987.??.??"]
[Round "16"]
[White "Frometa Castillo, Zirka"]
[Black "Trabert, Bettina"]
[Result "1/2-1/2"]
[WhiteElo "2220"]
[BlackElo "2225"]
[EventDate "1987.07.??"]
[PlyCount "122"]

1.d4 d5 2.Nf3 Nf6 3.Nc3 c6 4.Bf4 h6 5.e3 Bg4 6.Be2 e6 7.O-O Bd6 8.Ne5 Bxe2
9.Qxe2 O-O 10.Bg3 Be7 11.f4 Nbd7 12.Bh4 Qe8 13.Nxd7 Nxd7 14.e4 f5 15.e5 
Bb4 16.Nd1 Ba5 17.Bf2 Bb6 18.b3 c5 19.dxc5 Nxc5 20.Nb2 Qc6 21.c4 Ne4 22.
Bxb6 Qxb6+ 23.Kh1 Rad8 24.Rac1 Rd7 25.Na4 Qa5 26.Rfd1 Rfd8 27.Kg1 Kh7 28.
c5 d4 29.Qc4 Rd5 30.Rd3 R8d7 31.h3 Qd8 32.b4 Qh4 33.Rf1 g5 34.c6 Rc7 35.
cxb7 Rxc4 36.b8=Q Rd7 37.Qb5 Rcc7 38.Nc5 Nxc5 39.bxc5 gxf4 40.c6 Rg7 41.
Qc4 Qg5 42.Rf2 Qe7 43.Rxd4 Qa3 44.Rdxf4 Rge7 45.R4f3 Qa5 46.Re3 Qb6 47.Rc3
Kg7 48.Kf1 Qb1+ 49.Rc1 Qb6 50.Qc5 Qa6+ 51.Kg1 Re8 52.Rd2 Rec8 53.Rdc2 Rd8 
54.Kh2 Rd5 55.Qe3 Qa5 56.Re1 Qb5 57.Rc3 a6 58.Qg3+ Kh7 59.Rce3 Qxc6 60.Qh4
Rg7 61.R1e2 Rd1 1/2-1/2

[Event "interzonal (w)"]
[Site "Tuzla"]
[Date "1987.??.??"]
[Round "16"]
[White "Hoiberg, Nina"]
[Black "Matveeva, Svetlana"]
[Result "1-0"]
[WhiteElo "2295"]
[BlackElo "2380"]
[EventDate "1987.07.??"]
[PlyCount "67"]

1.e4 c5 2.Nf3 d6 3.d4 cxd4 4.Nxd4 Nf6 5.Nc3 g6 6.Be3 Bg7 7.f3 O-O 8.Bc4 
Nc6 9.Qd2 Bd7 10.O-O-O Ne5 11.Bb3 Qa5 12.h4 Rfc8 13.g4 b5 14.h5 Nc4 15.Qd3
Rc5 16.hxg6 hxg6 17.Nf5 gxf5 18.Bxc5 dxc5 19.Bxc4 bxc4 20.Qe3 f4 21.Qxf4 
Be6 22.e5 Nd7 23.Qe4 Rb8 24.f4 Qb4 25.Kd2 Nb6 26.Rh5 Rd8+ 27.Kc1 Rxd1+ 28.
Nxd1 c3 29.Nxc3 Qxe4 30.Nxe4 c4 31.f5 Bd5 32.f6 Bxe4 33.Rg5 Bg6 34.fxe7 
1-0

[Event "interzonal (w)"]
[Site "Tuzla"]
[Date "1987.??.??"]
[Round "16"]
[White "Ioseliani, Nana"]
[Black "Ivanka, Maria"]
[Result "1/2-1/2"]
[WhiteElo "2450"]
[BlackElo "2320"]
[EventDate "1987.07.??"]
[PlyCount "20"]

1.e4 c5 2.Nf3 e6 3.d4 cxd4 4.Nxd4 a6 5.Bd3 Nf6 6.O-O Qc7 7.Kh1 Nc6 8.Nxc6 
bxc6 9.f4 d6 10.c4 Be7 1/2-1/2

[Event "interzonal (w)"]
[Site "Tuzla"]
[Date "1987.??.??"]
[Round "16"]
[White "Maksimovic, Suzana"]
[Black "Semenova, Lidia"]
[Result "1/2-1/2"]
[WhiteElo "2345"]
[BlackElo "2230"]
[EventDate "1987.07.??"]
[PlyCount "49"]

1.d4 e6 2.e4 d5 3.Nc3 b6 4.Nf3 Bb4 5.exd5 exd5 6.Be2 Ne7 7.O-O O-O 8.Bg5 
f6 9.Bf4 c6 10.Re1 Na6 11.a3 Bd6 12.Qd2 Nc7 13.Nd1 Be6 14.Bxd6 Qxd6 15.Ne3
Ng6 16.Bd3 Nf4 17.Nf5 Bxf5 18.Bxf5 g6 19.g3 Nfe6 20.Bxe6+ Nxe6 21.Re3 Rae8
22.Rae1 Ng7 23.Rxe8 Rxe8 24.Rxe8+ Nxe8 25.Qe2 1/2-1/2

[Event "interzonal (w)"]
[Site "Tuzla"]
[Date "1987.??.??"]
[Round "16"]
[White "Nikolin, Zorica"]
[Black "Sakhatova, Gulnar"]
[Result "0-1"]
[WhiteElo "2325"]
[BlackElo "2350"]
[EventDate "1987.07.??"]
[PlyCount "72"]

1.e4 c6 2.d4 d5 3.Nd2 dxe4 4.Nxe4 Nf6 5.Nxf6+ gxf6 6.Bf4 Bf5 7.Nf3 e6 8.
Be2 Bd6 9.Bg3 Qc7 10.O-O Nd7 11.c4 O-O-O 12.Qa4 Kb8 13.b4 Bxg3 14.hxg3 e5 
15.Rfd1 Rhe8 16.Qb3 Bg6 17.d5 cxd5 18.Rxd5 Be4 19.Rd2 Nf8 20.Rad1 Ne6 21.
c5 Rxd2 22.Rxd2 f5 23.Bc4 Bxf3 24.Qxf3 Nd4 25.Qe3 Rd8 26.Bd3 f6 27.Bb1 f4 
28.gxf4 exf4 29.Qxd4 Rxd4 30.Rxd4 Qe5 31.Rd1 f3 32.g4 h5 33.Bf5 a6 34.Bd7 
hxg4 35.Bxg4 Qg5 36.Rd4 f5 0-1

[Event "interzonal (w)"]
[Site "Tuzla"]
[Date "1987.??.??"]
[Round "17"]
[White "Canela Gimenez, Teresa"]
[Black "Maksimovic, Suzana"]
[Result "0-1"]
[WhiteElo "2100"]
[BlackElo "2345"]
[EventDate "1987.07.??"]
[PlyCount "84"]

1.c4 e5 2.Nc3 Nc6 3.g3 g6 4.Bg2 Bg7 5.Nf3 d6 6.O-O Nge7 7.d3 O-O 8.Rb1 a5 
9.a3 f5 10.e3 h6 11.d4 g5 12.dxe5 dxe5 13.Qxd8 Nxd8 14.b3 c6 15.Bb2 Nf7 
16.Ba1 g4 17.Nd2 Be6 18.Na4 Rad8 19.Rfd1 h5 20.c5 h4 21.gxh4 Ng6 22.h5 Nh4
23.Nb6 Nxg2 24.Kxg2 f4 25.exf4 Bf5 26.Rbc1 Bh6 27.Ndc4 Be4+ 28.Kg1 Bxf4 
29.Rxd8 Rxd8 30.Ne3 Ng5 31.Rd1 Nf3+ 32.Kf1 Nxh2+ 33.Kg1 Nf3+ 34.Kf1 Bd3+ 
35.Kg2 Nh4+ 36.Kg1 g3 37.Ng4 gxf2+ 38.Kxf2 Nf5 39.Rg1 e4 40.Nf6+ Kf7 41.
Rg4 e3+ 42.Kf3 e2 0-1

[Event "interzonal (w)"]
[Site "Tuzla"]
[Date "1987.??.??"]
[Round "17"]
[White "Ivanka, Maria"]
[Black "Arakhamia, Ketevan"]
[Result "0-1"]
[WhiteElo "2320"]
[BlackElo "2375"]
[EventDate "1987.07.??"]
[PlyCount "86"]

1.Nf3 d5 2.d4 g6 3.Bf4 Bg7 4.e3 Nf6 5.h3 O-O 6.Bd3 Nc6 7.c3 Nd7 8.Qb3 e5 
9.Bg5 Qe8 10.Bb5 h6 11.Bh4 exd4 12.Bxc6 dxc3 13.Bxd7 cxb2 14.Bxe8 Rxe8 15.
O-O bxa1=Q 16.Qxd5 c6 17.Qd2 Be6 18.a3 Qb2 19.Nd4 Qxd2 20.Nxd2 Bd5 21.Rb1 
b5 22.Rc1 Bf8 23.a4 bxa4 24.Bf6 Bg7 25.Bxg7 Kxg7 26.Ra1 Rab8 27.Rxa4 c5 
28.N4f3 Bxf3 29.Nxf3 Re7 30.Nd2 Rb4 31.Ra2 Reb7 32.Nf3 Rb1+ 33.Kh2 R1b2 
34.Ra5 Rxf2 35.Rxc5 Rbb2 36.Kg3 Rxg2+ 37.Kf4 Rgc2 38.Ra5 Ra2 39.Rd5 Rc7 
40.Re5 a5 41.Re8 a4 42.Ra8 Re7 43.e4 g5+ 0-1

[Event "interzonal (w)"]
[Site "Tuzla"]
[Date "1987.??.??"]
[Round "17"]
[White "Khadilkar, Rohini"]
[Black "Frometa Castillo, Zirka"]
[Result "1/2-1/2"]
[WhiteElo "2220"]
[BlackElo "2220"]
[EventDate "1987.07.??"]
[PlyCount "22"]

1.e4 Nf6 2.Nc3 d5 3.exd5 Nxd5 4.Bc4 Nb6 5.Bb3 e6 6.d4 Nc6 7.Nf3 Be7 8.O-O 
O-O 9.Re1 Bf6 10.Be3 Na5 11.Qe2 Nxb3 1/2-1/2